Pokémon - Les attaques de Hoothoot - Statistiques

Statistiques générales
  • Ce quiz a été pris 13 fois
  • Le résultat moyen est 9 sur 15
Statistiques - réponses
Niveaux Types Noms des attaques % Correct
Niveau 30 Vol Atterrissage
100%
Niveau 9 Psy Choc Mental
100%
Départ Vol Picpic
86%
Départ Normal Rugissement
86%
Niveau 24 Normal Bélier
71%
Niveau 18 Vol Lame d'Air
71%
Niveau 3 Normal Charge
57%
Niveau 21 Psy Extrasenseur
57%
Niveau 36 Psy Hypnose
57%
Niveau 33 Fée Pouvoir Lunaire
57%
Niveau 12 Psy Protection
57%
Niveau 39 Psy Dévorêve
43%
Niveau 27 Normal Brouhaha
29%
Niveau 6 Normal Écho
29%
Niveau 15 Psy Échange Psy
14%
Aucun quiz correspondant
Distribution des résultats
% des personnes avec chaque résultat
Percentile par nombre de réponses
Votre historique - résultats
Vous n’avez pas pris ce quiz